000 00307nam a22001337a 4500
008 171016b xxu||||| |||| 00| 0 eng d
020 _a9780324222029
041 _aeng
080 _22 ED
_a33
100 _a52
101 _aECO
245 _aFAVORITE WAYS LEARN ECONOMICS
_cCHASEY.J
942 _2udc
_cBK
999 _c34000
_d34000